निवडणूक जिंकण्यासाठी सर्वकाही / (Record no. 60819)

MARC details
000 -LEADER
fixed length control field 01143nam a22002417a 4500
005 - DATE AND TIME OF LATEST TRANSACTION
control field 20120112143825.0
008 - FIXED-LENGTH DATA ELEMENTS--GENERAL INFORMATION
fixed length control field 120112t xxu||||| |||| 00| 0 mar d
010 ## - LCCN (DPL NO)
LC control number MAR-21840
020 ## - INTERNATIONAL STANDARD BOOK NUMBER
International Standard Book Number 9788174344397
Terms of availability 200.00
035 ## - SYSTEM CONTROL NUMBER
System control number MR-14498
037 ## - SOURCE OF ACQUISITION
Source of stock number/acquisition DBAD/PUB
040 ## - CATALOGING SOURCE
Original cataloging agency DPL
Language of cataloging MR
082 ## - DEWEY DECIMAL CLASSIFICATION NUMBER
Classification number 324.954
100 ## - MAIN ENTRY--PERSONAL NAME
Personal name सरवटे,दिलीप
9 (RLIN) 39079
245 ## - TITLE STATEMENT
Title निवडणूक जिंकण्यासाठी सर्वकाही /
Remainder of title दिलीप सरवटे तथा उदय निरगुडकर
246 ## - VARYING FORM OF TITLE
Title proper/short title Nivadanook Jinkanyasathi Sarv Kahi
Remainder of title by Dilip Sarwate and Uday Nirgudkar
260 ## - PUBLICATION, DISTRIBUTION, ETC. (IMPRINT)
Place of publication, distribution, etc पुणे
Name of publisher, distributor, etc राजहंस प्रकाशन
Date of publication, distribution, etc 2009
270 ## - ADDRESS
Address 1025,सदाशिव पेठ,
City पुणे
Postal code 411030
300 ## - PHYSICAL DESCRIPTION
Extent 182पृ.
Dimensions 21सेमी(अजिल्द)
Other physical details सचित्र
700 ## - ADDED ENTRY--PERSONAL NAME
Personal name निरगुडकर,उदय
9 (RLIN) 39121
942 ## - ADDED ENTRY ELEMENTS (KOHA)
Source of classification or shelving scheme Dewey Decimal Classification
Item type Marathi Books
Classification part 324.954
Call number suffix सरव
Holdings
Withdrawn status Lost status Source of classification or shelving scheme Damaged status Not for loan Collection code Home library Current library Date acquired Source of acquisition Cost, normal purchase price Total Checkouts Full call number Barcode Date last seen Copy number Cost, replacement price Koha item type
    Dewey Decimal Classification   Not For Loan Non-fiction D.B.Act.Division D.B.Act.Division 12/01/2012 DBAD/PUB 200.00   324.954 सरव MR-14498 12/01/2012 1 200.00 Marathi Books

© Delhi Public Library
Hit Counter
free hit counter